World Cities by Airport Code - #4 - Statistics

General Stats
  • This quiz has been taken 40 times
  • The average score is 11 of 15
Answer Stats
Hint Answer % Correct
MEL Melbourne
96%
WAW Warsaw
86%
ZRH Zurich
86%
CUN Cancun
82%
DEN Denver
82%
HNL Honolulu
82%
MUC Munich
79%
AKL Auckland
75%
TPE Taipei
75%
ADD Addis Ababa
64%
CPT Cape Town
64%
GIG Rio de Janeiro
64%
DTW Detroit
61%
ARN Stockholm
43%
SCL Santiago
29%
No matching quizzes found
Score Distribution
Percent of People with Each Score
Percentile by Number Answered
Your Score History
You have not taken this quiz